| 000 | 00455cam a2200193ua 4500 | ||
|---|---|---|---|
| 001 | 5150 | ||
| 005 | 20260515113835.0 | ||
| 008 | 120730n ii |||gr||||Z||||||eng | ||
| 040 | _cMAIN | ||
| 082 | _a821 | ||
| 100 |
_aSpenser, Edmund, _eAuthor, |
||
| 245 | 1 | 1 |
_aFaerie queene _cby Edmund Spenser |
| 250 | _a1st. | ||
| 260 |
_a[s.l]: _b[s.n]. |
||
| 300 |
_a481p: _c15cm. |
||
| 653 | _aEnglish poetry | ||
| 700 |
_aBanerjee, S. K., _eEditor, |
||
| 942 | _cBK | ||
| 999 |
_c4328 _d4328 |
||